000
00305nam a22001337a 4500
008
210302b ||||| |||| 00| 0 eng d
020
_a
9780132275620
041
_a
eng
080
_2
4th
_a
82
100
_a
21
101
_a
GJL
245
_a
Literature of the Western World
_c
Wilkie ,B
942
_2
udc
_c
BK
999
_c
55491
_d
55491